000 00564nam a2200193Ia 4500
003 IN-BaIIA
008 211028s9999 xx 000 0 eng d
020 _a0-08-026495-6
040 _cIIA Library
080 _a523
_bJON
100 _aJones, Barrie William
_913289
245 4 _aThe solar system
_cBarrie William Jones
260 _aOxford
_bPergamon Press
_c1984
300 _axviii, 336p.
650 _aAstronomy and astrophysics thesaurus
650 _aPlanetary systems
_9965
650 _aSolar system
942 _cBK
999 _c8087
_d8087